| 000 | 00464nam a22001577a 4500 | ||
|---|---|---|---|
| 082 |
_a624.18341 _bSPI _cN-01, P-89 |
||
| 100 |
_aSpiegel, leonard _938044 |
||
| 245 |
_aReinforced concrete design _bLeonard spiegel |
||
| 250 | _a5th ed. | ||
| 260 |
_aNew jersey _bSpiegel, leonard. _cc1980. |
||
| 300 |
_axi, 506. _bill. _c28 cm. |
||
| 526 |
_a0 _b0 _c0 _d624_183410000000000_SPI |
||
| 526 |
_a0 _b0 _c0 _d624_183410000000000_SPI |
||
| 650 |
_aMCE _9379 |
||
| 942 |
_2ddc _cBK |
||
| 999 |
_c549583 _d549583 |
||